000
00296nam a22001337a 4500
008
181031b xxu||||| |||| 00| 0 eng d
020
_a
9781119143871
041
_a
eng
080
_a
336.2
100
_a
55
101
_a
TAK
245
_a
Small Business Taxes 2016
_c
Weltman,B
942
_2
udc
_c
BK
999
_c
51217
_d
51217